| Tag |
First Indicator |
Second Indicator |
Subfields |
| LEADER |
00000cam a2200000 a 4500 |
| 001 |
in00000498621 |
| 005 |
20151013070245.0 |
| 008 |
810428s1981 nyua b 00100 eng |
| 010 |
|
|
|a 81005504
|
| 020 |
|
|
|a 0444006362
|
| 035 |
|
|
|a (OCoLC)07554195
|
| 035 |
|
|
|9 ACE0211AM
|
| 039 |
0 |
|
|a 2
|b 3
|c 3
|d 3
|e 3
|
| 040 |
|
|
|a DLC
|c DLC
|d OCL
|d TXA
|d UtOrBLW
|
| 049 |
|
|
|a TXAM
|c [1119466]
|
| 050 |
0 |
0 |
|a QP620
|b .S76
|
| 082 |
0 |
|
|a 574.87/328
|2 19
|
| 245 |
0 |
0 |
|a Structural analysis of nucleic acids /
|c editors, Jack G. Chirikjian, Takis S. Papas.
|
| 264 |
|
1 |
|a New York :
|b Elsevier/North-Holland,
|c [1981]
|
| 264 |
|
4 |
|c ©1981
|
| 300 |
|
|
|a xx, 594 pages :
|b illustrations ;
|c 25 cm.
|
| 336 |
|
|
|a text
|b txt
|2 rdacontent
|
| 337 |
|
|
|a unmediated
|b n
|2 rdamedia
|
| 338 |
|
|
|a volume
|b nc
|2 rdacarrier
|
| 490 |
1 |
|
|a Gene amplification and analysis,
|x 0275-2778 ;
|v v. 2
|
| 500 |
|
|
|a Errata inserted.
|
| 504 |
|
|
|a Includes bibliographical references and index.
|
| 650 |
|
0 |
|a Nucleic acids.
|
| 650 |
|
0 |
|a Gene amplification.
|
| 700 |
1 |
|
|a Chirikjian, Jack G.
|
| 700 |
1 |
|
|a Papas, Takis S.
|
| 830 |
|
0 |
|a Gene amplification and analysis ;
|v v. 2.
|
| 999 |
|
|
|a MARS
|
| 999 |
f |
f |
|s e15d2dc6-06af-326b-960d-5551c884a3a5
|i 1196eb6c-26eb-383a-9ad1-72d93726dcda
|t 0
|
| 952 |
f |
f |
|p ric
|a Texas A&M University
|b Rellis Campus
|c Joint Library Facility
|d Remote Storage
|t 0
|e QP620 .S76
|h Library of Congress classification
|i unmediated -- volume
|m A14807815110
|
| 998 |
f |
f |
|a QP620 .S76
|t 0
|l Remote Storage
|